<?xml version="1.0" encoding="UTF-8"?>
<record
    xmlns:xsi="http://www.w3.org/2001/XMLSchema-instance"
    xsi:schemaLocation="http://www.loc.gov/MARC21/slim http://www.loc.gov/standards/marcxml/schema/MARC21slim.xsd"
    xmlns="http://www.loc.gov/MARC21/slim">

  <leader>01577nam a22001817a 4500</leader>
  <controlfield tag="003">IT-RoPau</controlfield>
  <controlfield tag="005">20220918175937.0</controlfield>
  <controlfield tag="008">130108b        xxu||||| |||| 00| 0 eng d</controlfield>
  <datafield tag="040" ind1=" " ind2=" ">
    <subfield code="c">IT-RoPau</subfield>
  </datafield>
  <datafield tag="100" ind1=" " ind2=" ">
    <subfield code="a">Alberione [James] Giacomo</subfield>
    <subfield code="q">Fondatore Famiglia Paolina</subfield>
    <subfield code="9">119</subfield>
  </datafield>
  <datafield tag="245" ind1=" " ind2=" ">
    <subfield code="a">Explanation of the Constitutions Directory.</subfield>
    <subfield code="b">First Draft</subfield>
  </datafield>
  <datafield tag="250" ind1=" " ind2=" ">
    <subfield code="a">I</subfield>
  </datafield>
  <datafield tag="260" ind1=" " ind2=" ">
    <subfield code="a">Boston</subfield>
    <subfield code="b">FSP</subfield>
    <subfield code="c">1976</subfield>
  </datafield>
  <datafield tag="300" ind1=" " ind2=" ">
    <subfield code="a">236 p.</subfield>
    <subfield code="c">14 cm</subfield>
  </datafield>
  <datafield tag="490" ind1=" " ind2=" ">
    <subfield code="a">St. Paul Edition</subfield>
    <subfield code="v">I</subfield>
  </datafield>
  <datafield tag="520" ind1=" " ind2=" ">
    <subfield code="a">                                        CONTENTS

Purpose of the Congregation
   General Purpose
    Special Purpose
Members - Religious Habit - Order
      of Precedence
Admission
Aspirancy and Postulancy
Noviceship
Religious Profession
Departure from the Congregation
Obedience
Chastity
Poverty
Obbligation to tend towards Perfection
  and Religious Observance
Charity towards God
   Charity towards our Neighbor
Piety
Confession
Communion
Holy Mass
Meditation
Hour of Adoration
Monthly of Retreat
Annual Retreat
Examination of Coscience
Various Observance
Silence
Cloister
Relations with Outsiders
Schedule
Formation
Novitate
Juniorate
Novitate of Perfection
Study
The Apostolate
Writing
Technical Means
Propagations and Diffusion
Different Ways of Diffusion
Care of Health and of Sick Sisters
Government
Government in General
General Chapter
Vicar General
General Council
Secretaty General
Bursar General
Canonical Visitation
The Houses and their Government
One Houses
Government of the Houses
Obligations of the Superiors
The Constitutions
 







































 </subfield>
  </datafield>
  <datafield tag="942" ind1=" " ind2=" ">
    <subfield code="2">ddc</subfield>
    <subfield code="c">BK</subfield>
  </datafield>
  <datafield tag="999" ind1=" " ind2=" ">
    <subfield code="c">37718</subfield>
    <subfield code="d">37718</subfield>
  </datafield>
  <datafield tag="952" ind1=" " ind2=" ">
    <subfield code="0">0</subfield>
    <subfield code="1">0</subfield>
    <subfield code="2">ddc</subfield>
    <subfield code="4">0</subfield>
    <subfield code="6">P_A8</subfield>
    <subfield code="7">1</subfield>
    <subfield code="a">PAULUS</subfield>
    <subfield code="b">PAULUS</subfield>
    <subfield code="d">2013-01-08</subfield>
    <subfield code="l">0</subfield>
    <subfield code="o">P A8</subfield>
    <subfield code="r">2013-01-08 00:00:00</subfield>
    <subfield code="w">2013-01-08</subfield>
    <subfield code="y">BK</subfield>
  </datafield>
</record>
